000 00632cam a22002053a 4500
001 44663
003 PGUSA
005 20140828084023.0
008 140114s2014||||xxu|||||s|||||000 | eng d
040 _aPGUSA
_beng
042 _adc
245 1 0 _aJohn Leech's Pictures Of Life And Character, Volume III (of III) :
_bFrom The Collection Of "Mr. Punch"
_h[electronic resource]
260 _bProject Gutenberg,
_c2014
506 _aPublic domain in the USA.
516 _aElectronic text
700 1 _aLeech, John,
_d1817-1864
830 0 _aProject Gutenberg
_v44663
856 4 0 _uhttp://www.gutenberg.org/ebooks/44663
942 _cEB
999 _c273914
_d273914